Yours truly, Goldilocks / (Record no. 2161)

MARC details
000 -LEADER
fixed length control field 01061cam a2200289 a 4500
005 - DATE AND TIME OF LATEST TRANSACTION
control field 20231110110704.0
020 ## - INTERNATIONAL STANDARD BOOK NUMBER
International Standard Book Number 0689816081
020 ## - INTERNATIONAL STANDARD BOOK NUMBER
International Standard Book Number 9780689844522
040 ## - CATALOGING SOURCE
Original cataloging agency DLC
Transcribing agency DLC
Modifying agency DLC
Language of cataloging eng
050 00 - LIBRARY OF CONGRESS CALL NUMBER
Classification number PZ7.A1857
Item number Yo 1998
082 00 - DEWEY DECIMAL CLASSIFICATION NUMBER
Classification number 303
Edition number 21
100 1# - MAIN ENTRY--PERSONAL NAME
Personal name Ada, Alma Flor
245 10 - TITLE STATEMENT
Title Yours truly, Goldilocks /
Statement of responsibility, etc. by Alma Flor Ada ; illustrated by Leslie Tryon.
250 ## - EDITION STATEMENT
Edition statement First Aladdin Paperbacks edition August 2001
260 ## - PUBLICATION, DISTRIBUTION, ETC.
Place of publication, distribution, etc. New York :
Name of publisher, distributor, etc. Aladdin Paperbacks,
Date of publication, distribution, etc. 1998
300 ## - PHYSICAL DESCRIPTION
Extent 29 unnumbered pages :
Other physical details Illustrations
Dimensions 26 cm
505 ## - FORMATTED CONTENTS NOTE
Formatted contents note N
520 ## - SUMMARY, ETC.
Summary, etc. Presents the correspondence of Goldilocks, the three pigs, Baby Bear, Peter Rabbit, and Little Red Riding Hood as they plan to attend a housewarming party for the pigs and avoid the evil wolves in the forest.
521 ## - TARGET AUDIENCE NOTE
Target audience note 810
Source Lexile
521 ## - TARGET AUDIENCE NOTE
Target audience note N
Source Raz-Plus
650 #1 - SUBJECT ADDED ENTRY--TOPICAL TERM
Topical term or geographic name entry element Characters in literature
General subdivision Fiction.
650 #1 - SUBJECT ADDED ENTRY--TOPICAL TERM
Topical term or geographic name entry element Letters
General subdivision Fiction.
700 1# - ADDED ENTRY--PERSONAL NAME
Personal name Tryon, Leslie
Relator term illustrator
906 ## - LOCAL DATA ELEMENT F, LDF (RLIN)
a 7
b cbc
c orignew
d 1
e ocip
f 19
g y-gencatlg
942 ## - ADDED ENTRY ELEMENTS (KOHA)
Source of classification or shelving scheme Dewey Decimal Classification
Koha item type Books
Suppress in OPAC No
999 ## -
-- 2161
-- 2161
Holdings
Withdrawn status Lost status Source of classification or shelving scheme Damaged status Not for loan Collection Home library Current library Shelving location Date acquired Total Checkouts Full call number Barcode Date last seen Price effective from Koha item type
    Dewey Decimal Classification     Juvenile Fiction Footprints International School Library Network Toul Kork Campus Footprints International School Library Network Toul Kork Campus A TK Campus, 4th Floor, Room B401, Fiction Bookcases (1-6) 11/08/2023   ADA 303 PZ7.A1857 FISTK04438 11/08/2023 11/08/2023 Books